[Event "Bogota Rapid op"]
[Site "Bogota"]
[Date "2024.12.21"]
[Round "3"]
[White "Burgos Munoz, Harold Andres"]
[Black "Conde Granada, Alain Camilo"]
[Result "1-0"]
[WhiteElo "1949"]
[BlackElo "1608"]
[PlyCount "51"]
[EventDate "2024.12.21"]
[EventType "swiss (rapid)"]
[EventRounds "9"]
[EventCountry "COL"]
[SourceTitle "CB52_2024"]
[SourceDate "2024.12.25"]
[SourceVersion "1"]
[SourceVersionDate "2024.12.25"]
[SourceQuality "1"]

1. e4 c5 2. Nf3 d6 3. d4 cxd4 4. Nxd4 Nf6 5. Nc3 Nc6 6. Be3 e6 7. f3 Be7 8. Qd2 a6 9. 0-0-0 Qc7 10. g4 Ne5 11. h4 Nc4 12. Bxc4 Qxc4 13. h5 Qc7 14. g5 Nd7 15. g6 Ne5 16. gxf7+ Kxf7 17. Rhg1 Nc4 18. Qg2 Bf6 19. Bg5 Qe7 20. Bxf6 Qxf6 21. Qe2 b5 22. Kb1 Bb7 23. f4 Qh6 24. f5 e5 25. Ne6 Rhe8 26. Rxg7+ 1-0

[Event "Bogota Rapid op"]
[Site "Bogota"]
[Date "2024.12.21"]
[Round "8"]
[White "Burgos Munoz, Harold Andres"]
[Black "Estrada Velandia, Henry Andres"]
[Result "0-1"]
[WhiteElo "1949"]
[BlackElo "2071"]
[PlyCount "96"]
[EventDate "2024.12.21"]
[EventType "swiss (rapid)"]
[EventRounds "9"]
[EventCountry "COL"]
[SourceTitle "CB52_2024"]
[SourceDate "2024.12.25"]
[SourceVersion "1"]
[SourceVersionDate "2024.12.25"]
[SourceQuality "1"]

1. e4 c6 2. d4 d5 3. f3 e6 4. Nc3 Bb4 5. Bf4 Ne7 6. Qd2 0-0 7. 0-0-0 f5 8. e5 b5 9. g4 a5 10. Nge2 a4 11. Rg1 a3 12. b3 Ng6 13. Bg5 Qa5 14. h4 h6 15. gxf5 hxg5 16. fxg6 Rxf3 17. Bg2 Bxc3 18. Nxc3 Qxc3 19. Qxc3 Rxc3 20. Bf1 c5 21. Bxb5 cxd4 22. Rxd4 Bd7 23. Bxd7 Nxd7 24. Rxg5 Rac8 25. Rd2 Re3 26. h5 Nxe5 27. Rg1 Nf3 28. Rg3 Re1+ 29. Rd1 Re2 30. c4 Ne5 31. Kb1 dxc4 32. bxc4 Nxc4 33. Rgd3 Kf8 34. Rd8+ Rxd8 35. Rxd8+ Ke7 36. Rg8 Kf6 37. Rf8+ Kg5 38. Rf7 Kxh5 39. Rxg7 Kh6 40. Rc7 Nd2+ 41. Kc2 Kxg6 42. Kd3 Rh2 43. Ra7 Nb1 44. Rb7 Nd2 45. Ra7 Nf1 46. Rxa3 Rh3+ 47. Ke2 Rxa3 48. Kxf1 Rxa2 0-1

[Event "Bogota Rapid op"]
[Site "Bogota"]
[Date "2024.12.21"]
[Round "4"]
[White "Garcia Alarcon, Alvaro"]
[Black "Burgos Munoz, Harold Andres"]
[Result "1/2-1/2"]
[WhiteElo "2081"]
[BlackElo "1949"]
[PlyCount "89"]
[EventDate "2024.12.21"]
[EventType "swiss (rapid)"]
[EventRounds "9"]
[EventCountry "COL"]
[SourceTitle "CB52_2024"]
[SourceDate "2024.12.25"]
[SourceVersion "1"]
[SourceVersionDate "2024.12.25"]
[SourceQuality "1"]

1. d4 Nf6 2. c4 b6 3. Nf3 Bb7 4. g3 e6 5. Bg2 Be7 6. 0-0 0-0 7. Nc3 d6 8. Qc2 c5 9. dxc5 dxc5 10. Rd1 Qc8 11. Bf4 Nbd7 12. Bd6 Bxd6 13. Rxd6 Re8 14. Rad1 Nf8 15. Ne5 Bxg2 16. Kxg2 Ng6 17. Nd7 Nxd7 18. Rxd7 Ne5 19. R7d6 Nxc4 20. Rd7 Ne5 21. R7d2 Nc6 22. Nb5 Qa6 23. a4 Nb4 24. Qe4 Nd5 25. b3 Rab8 26. Qf3 Rf8 27. e4 Nf6 28. Qf4 c4 29. bxc4 e5 30. Qxe5 Rbe8 31. Qa1 Nxe4 32. Rd7 Qc8 33. Qd4 a6 34. Na7 Qa8 35. f3 Nc5 36. Rc7 Re2+ 37. Kh3 Qxf3 38. Nc6 Qg2+ 39. Kg4 Re4+ 40. Qxe4 Qxe4+ 41. Kh3 Qf5+ 42. Kh4 Ne6 43. Ne7+ Kh8 44. Nxf5 Nxc7 45. Rd5 1/2-1/2

[Event "Bogota blitz op"]
[Site "Bogota"]
[Date "2024.12.21"]
[Round "5"]
[White "Garvin Mejia, Ricardo Luis"]
[Black "Burgos Munoz, Harold Andres"]
[Result "0-1"]
[WhiteElo "1738"]
[BlackElo "1928"]
[PlyCount "56"]
[EventDate "2024.12.21"]
[EventType "swiss (blitz)"]
[EventRounds "11"]
[EventCountry "COL"]
[SourceTitle "CB52_2024"]
[SourceDate "2024.12.25"]
[SourceVersion "1"]
[SourceVersionDate "2024.12.25"]
[SourceQuality "1"]

1. e4 c5 2. d4 cxd4 3. c3 g6 4. Nf3 Bg7 5. Bc4 e6 6. 0-0 dxc3 7. Nxc3 Ne7 8. Bg5 Nbc6 9. Qe2 d6 10. Rfd1 0-0 11. Nb5 a6 12. Nxd6 Qb6 13. Rab1 h6 14. Be3 Qc7 15. Rbc1 Qb8 16. b3 Ne5 17. Bb6 N7c6 18. Nxe5 Nxe5 19. f4 Nxc4 20. Rxc4 Bd7 21. e5 Bc6 22. Rdc1 a5 23. a3 Ra6 24. Bc5 Rd8 25. b4 axb4 26. axb4 Bd5 27. R4c2 b6 28. Qxa6 bxc5 0-1

[Event "Bogota Rapid op"]
[Site "Bogota"]
[Date "2024.12.21"]
[Round "5"]
[White "Moreno, Julian David"]
[Black "Burgos Munoz, Harold Andres"]
[Result "1-0"]
[WhiteElo "1909"]
[BlackElo "1949"]
[PlyCount "59"]
[EventDate "2024.12.21"]
[EventType "swiss (rapid)"]
[EventRounds "9"]
[EventCountry "COL"]
[SourceTitle "CB52_2024"]
[SourceDate "2024.12.25"]
[SourceVersion "1"]
[SourceVersionDate "2024.12.25"]
[SourceQuality "1"]

1. c4 Nf6 2. Nc3 b6 3. Nf3 Bb7 4. e3 e6 5. d4 Be7 6. Be2 0-0 7. b3 d6 8. Bb2 Nbd7 9. 0-0 c5 10. d5 e5 11. Qc2 Re8 12. Rad1 Bf8 13. Qf5 g6 14. Qg5 h6 15. Qh4 g5 16. Qh3 g4 17. Qg3 Bg7 18. Nh4 h5 19. Nf5 Nf8 20. f3 Bc8 21. fxg4 hxg4 22. Bxg4 Nxg4 23. Qxg4 Bxf5 24. Rxf5 Ng6 25. Rdf1 Rf8 26. Ne4 Qd7 27. Qh5 Rab8 28. Ng5 Rfd8 29. Qh7+ Kf8 30. Rxf7+ 1-0

[Event "Tocancipa Cundinamarca Cup"]
[Site "Tocancipa"]
[Date "2024.05.12"]
[Round "5"]
[White "Burgos Munoz, Harold Andres"]
[Black "Villamil Alarcon, Hector Orlando"]
[Result "0-1"]
[WhiteElo "1719"]
[BlackElo "1998"]
[PlyCount "64"]
[EventDate "2024.05.11"]
[EventType "swiss"]
[EventRounds "6"]
[EventCountry "COL"]
[SourceTitle "CBM 220 Extra"]
[Source "ChessBase"]
[SourceDate "2024.07.31"]
[SourceVersion "1"]
[SourceVersionDate "2024.07.31"]
[SourceQuality "1"]

1. e4 c5 2. Nf3 Nc6 3. Nc3 d6 4. d4 cxd4 5. Nxd4 Nf6 6. Bg5 e5 7. Nb3 Be7 8. Qd2 h6 9. Be3 Be6 10. 0-0-0 a6 11. f3 b5 12. Be2 Rc8 13. g4 Qc7 14. Kb1 Bc4 15. Nd5 Nxd5 16. exd5 Bxe2 17. Qxe2 Na5 18. f4 Nc4 19. Bc1 exf4 20. Rhe1 Ne3 21. Bxe3 fxe3 22. Qxe3 Kf8 23. Nd4 Bf6 24. Nc6 Qd7 25. Qe2 Kg8 26. Rd2 Rxc6 27. dxc6 Qxc6 28. Qf2 Be5 29. Rde2 g6 30. h4 Kg7 31. h5 g5 32. Re4 f6 0-1

[Event "Soacha Ventura op"]
[Site "Soacha"]
[Date "2023.12.08"]
[Round "2"]
[White "Burgos Munoz, Harold Andres"]
[Black "Bejarano Urrego, Dany Andres"]
[Result "0-1"]
[WhiteElo "1491"]
[BlackElo "1944"]
[PlyCount "92"]
[EventDate "2023.12.08"]
[EventType "swiss"]
[EventRounds "10"]
[EventCountry "COL"]
[SourceTitle "EXT 2025"]
[Source "ChessBase"]
[SourceDate "2024.10.14"]
[SourceVersion "1"]
[SourceVersionDate "2024.10.14"]
[SourceQuality "1"]

1. e4 e6 2. d4 d5 3. Nd2 Nf6 4. e5 Nfd7 5. Bd3 c5 6. c3 Nc6 7. Ne2 cxd4 8. cxd4 f6 9. exf6 Nxf6 10. Nf3 Bd6 11. 0-0 Qc7 12. Nc3 a6 13. Bg5 0-0 14. Rc1 Qf7 15. Bb1 Qh5 16. h3 Ne8 17. Be3 Bd7 18. Ng5 Qxd1 19. Rcxd1 h6 20. Nf3 Nf6 21. Rfe1 Rac8 22. Rc1 Na5 23. Nd2 Nc4 24. Nxc4 Rxc4 25. Ne4 Rxc1 26. Nxf6+ Rxf6 27. Rxc1 e5 28. a3 Rf8 29. Ba2 Bc6 30. b4 Kf7 31. dxe5 Bxe5 32. Bc5 Rd8 33. Rd1 Kf6 34. g3 Bb2 35. Re1 Rd7 36. Re3 d4 37. Re6+ Kf5 38. g4+ Kf4 39. Bd6+ Kg5 40. Kh2 h5 41. Kg3 h4+ 42. Kh2 Bc1 43. Be7+ Kf4 44. Bd6+ Kf3 45. Bc5 Kxf2 46. Bd6 Rxd6 0-1